000 00886nam a2200253Ia 4500
003 OSt
005 20220923220147.0
006 a|||||r|||| 00| 0
007 ta
008 220922b |||||||| |||| 00| 0 hin d
024 _a184,687
037 _cTextual
040 _aARTS
_cARTS
_bhin
041 _2hin
_ahin
082 _aO1521,1NRA1,1, K0
100 _aरसिक बिहारी
_9156291
245 0 _aरसिक शतक
_b ब्रज भाषा की एक संरचना
246 _aRasik shataka: braj bhāṣhā kī ek sanrachanā
260 _aलखनऊ
_b हिन्दी साहित्य भण्डार
_c1960
300 _a136 पृ.
_ccm.
650 _aहिन्दी साहित्य
_9156264
942 _hO1521,1NRA1,1, K0
_cTEXL
_2CC
999 _c337971
_d337971